Child labour in India : (Record no. 59405)

MARC details
000 -LEADER
fixed length control field 00924nam a22002657a 4500
005 - DATE AND TIME OF LATEST TRANSACTION
control field 20111213144546.0
008 - FIXED-LENGTH DATA ELEMENTS--GENERAL INFORMATION
fixed length control field 111213t xxu||||| |||| 00| 0 eng d
010 ## - LCCN (DPL NO)
LC control number ENG-104321
020 ## - INTERNATIONAL STANDARD BOOK NUMBER
International Standard Book Number 9788186208687
Terms of availability 850.00
035 ## - SYSTEM CONTROL NUMBER
System control number EN -87854
037 ## - SOURCE OF ACQUISITION
Source of stock number/acquisition DBAD/PUB
040 ## - CATALOGING SOURCE
Original cataloging agency DPL
Language of cataloging Eng
082 ## - DEWEY DECIMAL CLASSIFICATION NUMBER
Classification number 331.310954
100 ## - MAIN ENTRY--PERSONAL NAME
9 (RLIN) 36352
Personal name Firoz Ahmad
245 ## - TITLE STATEMENT
Title Child labour in India :
Statement of responsibility, etc by Firoz Ahmad
Remainder of title a story of endless exploitation /
260 ## - PUBLICATION, DISTRIBUTION, ETC. (IMPRINT)
Place of publication, distribution, etc New Delhi
Name of publisher, distributor, etc Raj Publications
Date of publication, distribution, etc 2010
270 ## - ADDRESS
Address 108,4855/24, Ansari Road Daryaganj
City New Delhi
Postal code 110002
300 ## - PHYSICAL DESCRIPTION
Extent 343p.
Dimensions 22cm(Hb)
500 ## - GENERAL NOTE
General note Includes bibliographical references
610 ## - SUBJECT ADDED ENTRY--CORPORATE NAME
9 (RLIN) 36477
650 ## - SUBJECT ADDED ENTRY--TOPICAL TERM
9 (RLIN) 36353
700 ## - ADDED ENTRY--PERSONAL NAME
9 (RLIN) 36394
942 ## - ADDED ENTRY ELEMENTS (KOHA)
Source of classification or shelving scheme Dewey Decimal Classification
Item type English Books
Call number suffix FIR
Classification part 331.310954
Holdings
Withdrawn status Lost status Source of classification or shelving scheme Damaged status Not for loan Collection code Home library Current library Date acquired Source of acquisition Cost, normal purchase price Total Checkouts Full call number Barcode Date last seen Copy number Cost, replacement price Koha item type
    Dewey Decimal Classification   Not For Loan Non-fiction D.B.Act.Division D.B.Act.Division 13/12/2011 DBAD / PUB 850.00   331.310954 FIR EN -87854 13/12/2011 1 850.00 English Books

© Delhi Public Library
Hit Counter
free hit counter